| 000 | 00422nam a2200109Ia 4500 | ||
|---|---|---|---|
| 008 | 160909s9999 xx 000 0 und d | ||
| 100 | _aAguilar, Julianna | ||
| 245 | _aEvaluating environmental factors in crop production: An environmental assessment of almonds and tomatoes | ||
| 260 |
_bCalifornia State University, Long Beach. _c2016 |
||
| 650 | _aFOOD | ||
| 856 | _uhttp://pqdtopen.proquest.com/doc/1793669133.html?FMT=ABS | ||
| 999 |
_c303996 _d303996 |
||